000 01449nam0a2200373 4500
001 RU\NLR\BIBL_A\012426952
005 20210125115141.0
010 _a978-5-360-07710-7
_91500
021 _aRU
_bКН-П-20-052376
_9КН-П-20-3921
035 _a(NLR Aleph) 012426952
035 _a(RuMoRGB)010412619
090 _a11855161
_c11855161
100 _a20201224d2020 u y0rusy50 ca
101 0 _arus
102 _aRU
105 _aacg|j|||000zy
181 0 _ai
_baxxe
182 0 _an
200 1 _aМузыка
_e6 класс
_eучебник
_fВ. О. Усачёва, Л. В. Школяр
203 _aТекст
_bвизуальный
_cнепосредственный
205 _a3-е изд., перераб.
210 _aМосква
_cВентана-Граф
_d2020
215 _a188, [2] с.
_cил., цв. ил., портр., нот.
_d22
225 1 _aРоссийский учебник
_eРУ
320 _aБиблиогр. в конце кн.
606 1 _aМузыка
_jУчебники для средней школы
_9888123
_3RU\NLR\AUTH\66429
686 1 _aЩ31я72
700 1 _7ca
_8rus
_aУсачёва
_bВ. О.
_f1955-
_gВалерия Олеговна
_9166128
_3RU\NLR\AUTH\770166175
701 1 _aШколяр
_bЛ. В.
_f1946-
_gЛюдмила Валентиновна
942 _cBOOK
980 _aNBR
980 _aNB